Trh s fairtradovými výrobkami rastie

Na Slovensku sa v rámci 58 značiek predáva viac ako 280 produktov so známkou fair trade. Najviac predávaným výrobkom s touto známkou ostáva káva. Uvedenie nových značiek čokoládových výrobkov a príchod nových predajcov.

Gespeichert in:
Bibliographische Detailangaben
Format: Buchkapitel
Sprache:Slowakisch
Schlagworte:
Tags: Tag hinzufügen
Keine Tags, Fügen Sie das erste Tag hinzu!

MARC

LEADER 00000naa a2200000 4500
001 0223639
005 20200304151115.8
041 0 |a slo 
044 |a CZ 
245 1 0 |a Trh s fairtradovými výrobkami rastie 
520 |a Na Slovensku sa v rámci 58 značiek predáva viac ako 280 produktov so známkou fair trade. Najviac predávaným výrobkom s touto známkou ostáva káva. Uvedenie nových značiek čokoládových výrobkov a príchod nových predajcov. 
610 2 0 |a fair trade 
610 2 0 |a Slovensko